Paroles - Starmania - Les adieux d'un sex symbol - Statistiques

Statistiques générales
  • Ce quiz a été pris 78 fois
  • Le résultat moyen est 281 sur 350
Statistiques - réponses
Réponse % Correct
ma
98%
m'a
98%
Ma
98%
à
95%
À
95%
de
95%
la
95%
ce
93%
Ce
93%
du
93%
j'ai
93%
J'ai
93%
le
93%
sex-symbol
93%
dernier
91%
et
91%
fin
91%
idole
91%
je
91%
Je
91%
mourir
91%
ne
91%
un
91%
Un
91%
Venez
91%
venez
91%
voir
91%
dit
88%
faire
88%
me
88%
mon
88%
On
88%
on
88%
pas
88%
que
88%
qu'on
88%
vie
88%
d'une
86%
en
86%
été
86%
passé
86%
qui
86%
rien
86%
sur
86%
votre
86%
Vous
86%
vous
86%
Mais
84%
moi
84%
Moi
84%
tout
84%
applaudir
81%
éjacule
81%
Il
81%
image
81%
jeunesse
81%
l'âge
81%
n'ai
81%
nuit
81%
plus
81%
une
81%
Une
81%
good-bye
79%
magazine
79%
mort
79%
strass
79%
stress
79%
au
77%
avec
77%
bye-bye
77%
Bye-bye
77%
dans
77%
envies
77%
jour
77%
les
77%
oh
77%
Oh
77%
oui
77%
party
77%
suis
77%
Technicolor
77%
tous
77%
ça
74%
ceux
74%
dirai
74%
face
74%
mes
74%
monde
74%
page
74%
Quand
74%
qu'un
74%
rêvent
74%
show-business
74%
sortie
74%
voyez
74%
c'est
72%
déjà
72%
faudrait
72%
leur
72%
lit
72%
Même
72%
nuits
72%
pétrole
72%
prince
72%
raté
72%
rêves
72%
tourner
72%
toutes
72%
adule
70%
aime
70%
arracher
70%
Baby
70%
comme
70%
Comme
70%
devenir
70%
Doll
70%
donne
70%
drogue
70%
école
70%
Elle
70%
embrasse
70%
folle
70%
grand
70%
j'rêve
70%
m'viole
70%
passage
70%
rater
70%
rire
70%
rue
70%
sans
70%
surface
70%
veux
70%
vieille
70%
adore
67%
avait
67%
décor
67%
hasch
67%
j'fume
67%
l'alcool
67%
m'appelait
67%
maquillage
67%
m'avez
67%
météore
67%
Personne
67%
peur
67%
place
67%
sage
67%
s'arrête
67%
y
67%
Y
67%
corps
65%
flash
65%
fond
65%
l'envers
65%
pris
65%
sens
65%
s'habille
65%
sors
65%
volé
65%
d'être
63%
entier
63%
escalier
63%
j'dégringole
63%
n'était
63%
piscine
63%
rêvez
63%
avant
60%
descendrai
60%
feu
60%
j'convole
60%
vieillir
60%
mène
58%
partir
58%
Seule
58%
caméras
56%
Laissez-moi
56%
laissez-moi
56%
Voulez-vous
56%
Devant
53%
divine
53%
dorée
53%
étouffer
53%
paille
53%
partager
53%
acropole
51%
Dessous
51%
boire
40%
Aucun quiz correspondant
Distribution des résultats
% des personnes avec chaque résultat
Percentile par nombre de réponses
Votre historique - résultats
Vous n’avez pas pris ce quiz